书目信息 |
| 题名: |
农民工与近代社会变迁
|
|
| 作者: | 池子华 著 | |
| 分册: | ||
| 出版信息: | 合肥 安徽人民出版社 2006 |
|
| 页数: | 450页 | |
| 开本: | 21cm | |
| 丛书名: | ||
| 单 册: | ||
| 中图分类: | F323.6 | |
| 科图分类: | ||
| 主题词: | 农村--劳动力转移--研究--中国--近代 , 农村 , 劳动力转移 | |
| 电子资源: | ||
| ISBN: | 7-212-02957-2 | |
| 000 | 00811nam0 2200241 450 | |
| 001 | 1130266780 | |
| 005 | 20111005082542.43 | |
| 010 | @a7-212-02957-2@dCNY26.00 | |
| 100 | @a20060104d2006 em y0chiy50 ea | |
| 101 | 0 | @achi |
| 102 | @aCN@b340000 | |
| 105 | @ay z 000yy | |
| 200 | 1 | @a农民工与近代社会变迁@Anong min gong yu jin dai she hui bian qian@f池子华著 |
| 210 | @a合肥@c安徽人民出版社@d2006 | |
| 215 | @a450页@d21cm | |
| 330 | @a本书旨在通过对近代农民工流动现象的考察,揭示中国社会演进变迁的历史轨迹,实现中国民工潮历史与现实研究的对接,同时填补农民工历史研究的空白。 | |
| 606 | 0 | @a农村@x劳动力转移@x研究@y中国@z近代 |
| 606 | 0 | @a农村 |
| 606 | 0 | @a劳动力转移 |
| 690 | @aF323.6@v4 | |
| 701 | 0 | @a池子华@Achi zi hua@f(1961.8~)@4著 |
| 801 | 0 | @aCN@bNLC@c20101222 |
| 905 | @a10447@dF323.6@eJY11 | |
| 农民工与近代社会变迁/池子华著.-合肥:安徽人民出版社,2006 |
| 450页;21cm |
| ISBN 7-212-02957-2:CNY26.00 |
| 本书旨在通过对近代农民工流动现象的考察,揭示中国社会演进变迁的历史轨迹,实现中国民工潮历史与现实研究的对接,同时填补农民工历史研究的空白。 |
| ● |
| 相关链接 |
|
|
|
|
正题名:农民工与近代社会变迁
索取号:F323.6/JY11
 
预约/预借
| 序号 | 登录号 | 条形码 | 馆藏地/架位号 | 状态 | 备注 |
| 1 | 7813875 | 278138757 | 学院路分馆/ [索取号:F323.6/JY11] | 在馆 | |
| 2 | 7813876 | 278138766 | 学院路分馆/ [索取号:F323.6/JY11] | 在馆 |